[Event "HUN-chT2 Toth 1516"]
[Site "Hungary"]
[Date "2016.02.28"]
[Round "8.6"]
[White "Ver, Imre"]
[Black "Valyi, Adel"]
[Result "1/2-1/2"]
[WhiteElo "1842"]
[BlackElo "1908"]
[PlyCount "64"]
[EventDate "2015.09.13"]
[EventType "team-tourn"]
[EventRounds "11"]
[EventCountry "HUN"]
[SourceTitle "EXT 2017"]
[Source "ChessBase"]
[SourceDate "2016.10.25"]
[SourceVersion "1"]
[SourceVersionDate "2016.10.25"]
[SourceQuality "1"]
[WhiteTeam "Roszke"]
[BlackTeam "Maroczy II"]
[WhiteTeamCountry "HUN"]
[BlackTeamCountry "HUN"]

1. d4 d5 2. Nf3 Nf6 3. b3 c5 4. e3 Nc6 5. Bb2 Bg4 6. Be2 e6 7. Nbd2 cxd4 8. exd4 Bd6 9. h3 Bf5 10. a3 Rc8 11. 0-0 0-0 12. c4 dxc4 13. Nxc4 Bb8 14. Bd3 Bxd3 15. Qxd3 e5 16. Ncd2 Qd6 17. Ne4 Nxe4 18. Qxe4 f5 19. Qe3 e4 20. Ne5 Nxe5 21. dxe5 Qe6 22. f4 Rfd8 23. Bd4 a6 24. Rac1 Rd5 25. b4 Rxc1 26. Rxc1 Qd7 27. Qb3 Kh8 28. Rc8+ Qxc8 29. Qxd5 Qc1+ 30. Kh2 Qxf4+ 31. Kh1 Qc1+ 32. Kh2 Qf4+ 1/2-1/2

[Event "HUN-chT2 Toth 1314"]
[Site "Hungary"]
[Date "2014.02.16"]
[Round "7.8"]
[White "Ver, Imre"]
[Black "Csomos, Janos"]
[Result "1/2-1/2"]
[WhiteElo "1819"]
[BlackElo "1874"]
[PlyCount "109"]
[EventDate "2013.09.08"]
[EventType "team-tourn"]
[EventRounds "11"]
[EventCountry "HUN"]
[SourceTitle "EXT 2016"]
[Source "ChessBase"]
[SourceDate "2015.10.08"]
[SourceVersion "1"]
[SourceVersionDate "2015.10.08"]
[SourceQuality "1"]
[WhiteTeam "Roszke"]
[BlackTeam "Gyula"]
[WhiteTeamCountry "HUN"]
[BlackTeamCountry "HUN"]

1. Nf3 Nf6 2. g3 e6 3. Bg2 d5 4. d4 c5 5. c3 Nc6 6. 0-0 cxd4 7. cxd4 Be7 8. Nc3 0-0 9. Re1 Bd7 10. Ne5 Qb6 11. e3 Rac8 12. Nd3 Qc7 13. Bd2 Na5 14. b3 Nc6 15. Rc1 Qb8 16. f4 Ba3 17. Rc2 Nb4 18. Nxb4 Bxb4 19. Qe2 Rc6 20. Rec1 Ba3 21. Rb1 Rfc8 22. Qe1 a5 23. Bc1 Bb4 24. Bb2 Qc7 25. Rbc1 h6 26. a3 Bf8 27. Qd1 Qb6 28. Rd2 Bxa3 29. Bxa3 Rxc3 30. Rxc3 Rxc3 31. Rd3 Qc6 32. Bc5 Rxd3 33. Qxd3 b6 34. Ba3 Qb5 35. Qc3 Ng4 36. h3 Nf6 37. g4 Qc6 38. Qb2 Ne8 39. Bf1 Nd6 40. Bd3 b5 41. Qd2 a4 42. Qb4 Ne4 43. bxa4 bxa4 44. Bb2 Kh7 45. Kg2 f5 46. Kf3 Qd6 47. Ba3 Qxb4 48. Bxb4 g6 49. Ke2 Kg7 50. Ba6 Kf7 51. Bd3 Bc6 52. Bxe4 dxe4 53. g5 Bb5+ 54. Kd2 h5 55. h4 1/2-1/2

[Event "HUN-chT2 Toth 1314"]
[Site "Hungary"]
[Date "2013.10.20"]
[Round "3.6"]
[White "Papp, Jozsef"]
[Black "Ver, Imre"]
[Result "0-1"]
[WhiteElo "2028"]
[BlackElo "1819"]
[PlyCount "88"]
[EventDate "2013.09.08"]
[EventType "team-tourn"]
[EventRounds "11"]
[EventCountry "HUN"]
[SourceTitle "EXT 2016"]
[Source "ChessBase"]
[SourceDate "2015.10.08"]
[SourceVersion "1"]
[SourceVersionDate "2015.10.08"]
[SourceQuality "1"]
[WhiteTeam "Karcag"]
[BlackTeam "Roszke"]
[WhiteTeamCountry "HUN"]
[BlackTeamCountry "HUN"]

1. e4 d6 2. d4 Nd7 3. c4 Ngf6 4. Nc3 c6 5. Nf3 e5 6. Be2 Qc7 7. 0-0 Be7 8. a3 0-0 9. b4 b6 10. Bg5 h6 11. Bd2 Re8 12. d5 Bb7 13. Nh4 Nxe4 14. Nxe4 Bxh4 15. Rc1 c5 16. Bg4 Nf6 17. Nc3 Qe7 18. Bf5 Nh7 19. Qc2 Nf8 20. Rce1 Bc8 21. g3 Bf6 22. Re2 Qc7 23. Bd3 Bh3 24. Rb1 Bg4 25. Ree1 Bf3 26. Re3 Bh5 27. Rbe1 Bg6 28. f4 e4 29. Nb5 Qd7 30. Bxe4 a6 31. Bxg6 axb5 32. Rxe8 Rxe8 33. Rxe8 Qxe8 34. Bd3 Bd4+ 35. Kg2 bxc4 36. Qxc4 Nh7 37. bxc5 Bxc5 38. Bxh7+ Kxh7 39. Bb4 Qa4 40. Qd3+ g6 41. Qc3 Qb5 42. Qf6 Qe2+ 43. Kh3 Qh5+ 44. Qh4 Qxd5 0-1

[Event "HUN-chT2 Toth 1213"]
[Site "Hungary"]
[Date "2012.11.18"]
[Round "4.9"]
[White "Ver, Imre"]
[Black "Banyai, Istvan"]
[Result "1/2-1/2"]
[WhiteElo "1789"]
[BlackElo "1977"]
[PlyCount "105"]
[EventDate "2012.09.16"]
[EventType "team-tourn"]
[EventRounds "11"]
[EventCountry "HUN"]
[SourceTitle "EXT 2014"]
[Source "ChessBase"]
[SourceDate "2013.11.20"]
[SourceVersion "1"]
[SourceVersionDate "2013.11.20"]
[SourceQuality "1"]
[WhiteTeam "Roszke II"]
[BlackTeam "Gyula"]
[WhiteTeamCountry "HUN"]
[BlackTeamCountry "HUN"]

1. d4 d5 2. Bf4 Bf5 3. e3 c6 4. Bd3 Bxd3 5. Qxd3 Qb6 6. Qb3 Nd7 7. Qxb6 Nxb6 8. b3 e6 9. Ne2 Nf6 10. Nd2 Rc8 11. 0-0 Be7 12. c3 0-0 13. a4 Nh5 14. b4 Nxf4 15. exf4 Nd7 16. Ng3 Bd6 17. Ne2 Rfe8 18. g3 f6 19. Rfe1 e5 20. fxe5 fxe5 21. Nf3 e4 22. Nh4 g6 23. Ng2 Rf8 24. Ne3 Rf7 25. Kg2 Rcf8 26. Rf1 Kg7 27. Rab1 Nb6 28. Ra1 Nc8 29. Rab1 Ne7 30. Ng1 Nf5 31. Rbd1 h5 32. Nh3 Kh6 33. Rde1 g5 34. Ng1 Kg6 35. Nxf5 Rxf5 36. f3 b6 37. fxe4 Rxf1 38. Rxf1 Rxf1 39. Kxf1 dxe4 40. b5 c5 41. Kf2 Kf5 42. Ke3 cxd4+ 43. cxd4 h4 44. Ne2 h3 45. Kf2 Bb4 46. Ke3 Bd6 47. Kf2 g4 48. Ke3 Be7 49. Nc3 Bg5+ 50. Ke2 Bf6 51. Ke3 Bg5+ 52. Ke2 Bf6 53. Ke3 1/2-1/2

[Event "HUN-chT2 Toth 1213"]
[Site "Hungary"]
[Date "2012.09.16"]
[Round "1.10"]
[White "Jozaf, Csaba"]
[Black "Ver, Imre"]
[Result "0-1"]
[WhiteElo "1903"]
[BlackElo "1789"]
[PlyCount "114"]
[EventDate "2012.09.16"]
[EventType "team-tourn"]
[EventRounds "11"]
[EventCountry "HUN"]
[SourceTitle "EXT 2014"]
[Source "ChessBase"]
[SourceDate "2013.11.20"]
[SourceVersion "1"]
[SourceVersionDate "2013.11.20"]
[SourceQuality "1"]
[WhiteTeam "Mezobereny"]
[BlackTeam "Roszke II"]
[WhiteTeamCountry "HUN"]
[BlackTeamCountry "HUN"]

1. Nf3 d5 2. c4 c6 3. d4 Nf6 4. Nc3 e6 5. e3 Nbd7 6. Bd3 Be7 7. 0-0 0-0 8. cxd5 exd5 9. Re1 Re8 10. Qc2 h6 11. a3 Nb6 12. b4 Be6 13. Na4 Nxa4 14. Qxa4 a6 15. Bb2 Bd6 16. h3 Rc8 17. Nd2 Bc7 18. Qc2 Qd6 19. Nf1 Bb8 20. Bf5 Qd7 21. Bxe6 Rxe6 22. Rac1 Ne4 23. f4 Nd6 24. Qf2 Rg6 25. Kh1 Ne4 26. Qf3 Bd6 27. Re2 f5 28. Bc3 a5 29. Be1 axb4 30. axb4 Qe7 31. b5 c5 32. Qh5 Qf7 33. g4 fxg4 34. hxg4 Nf6 35. Qf5 Nd7 36. Qh5 Rf6 37. Qxf7+ Rxf7 38. Ng3 Re8 39. Nf5 Bf8 40. Ng3 b6 41. Bc3 Nf6 42. dxc5 Bxc5 43. Bxf6 Rxf6 44. Nf5 Rfe6 45. Rd1 g6 46. Nxh6+ Kg7 47. g5 d4 48. Ra2 Rxe3 49. Ra7+ R3e7 50. Rxe7+ Rxe7 51. f5 Rd7 52. f6+ Kf8 53. Ra1 Rd8 54. Ra7 d3 55. Rh7 Ke8 56. f7+ Ke7 57. Ng8+ Ke6 0-1

[Event "HUN-chT2 Toth 1011"]
[Site "Hungary"]
[Date "2011.03.27"]
[Round "7.11"]
[White "Ver, Imre"]
[Black "Szasz, Janos"]
[Result "0-1"]
[WhiteElo "1928"]
[BlackElo "1860"]
[PlyCount "186"]
[EventDate "2010.09.12"]
[EventType "team-tourn"]
[EventRounds "11"]
[EventCountry "HUN"]
[SourceTitle "EXT 2012"]
[Source "ChessBase"]
[SourceDate "2011.11.24"]
[SourceVersion "1"]
[SourceVersionDate "2011.11.24"]
[SourceQuality "1"]
[WhiteTeam "Roszke"]
[BlackTeam "Mezobereny"]
[WhiteTeamCountry "HUN"]
[BlackTeamCountry "HUN"]

1. c4 Nf6 2. d4 c5 3. Nf3 cxd4 4. Nxd4 g6 5. Nc3 d5 6. Nf3 e6 7. Bg5 Be7 8. cxd5 exd5 9. e3 0-0 10. Be2 Nc6 11. 0-0 Be6 12. Nb5 Ne4 13. Bf4 Rc8 14. Nbd4 Bf6 15. Rc1 Bg4 16. h3 Bxf3 17. Bxf3 Nxd4 18. exd4 Qb6 19. Be5 Bxe5 20. dxe5 Rxc1 21. Qxc1 Re8 22. Bxe4 dxe4 23. Qc3 Qb5 24. Rd1 Qxe5 25. Rd8 Qe7 26. Rd4 Rd8 27. Qe3 Rxd4 28. Qxd4 b6 29. Kf1 f5 30. a3 Qc7 31. g3 Kf7 32. Qd2 Ke6 33. h4 Qc4+ 34. Ke1 Qd5 35. Qh6 Qd7 36. Qc1 a5 37. Qc4+ Ke5 38. Ke2 h5 39. Qc3+ Qd4 40. Qc7+ Qd6 41. Qc3+ Kd5 42. b4 axb4 43. axb4 Qc6 44. Qd2+ Kc4 45. Ke3 Qf6 46. Qa2+ Kxb4 47. Kf4 Kc5 48. Qc2+ Kd6 49. Qd2+ Ke7 50. Qc2 Qd6+ 51. Kg5 e3 52. Qe2 Qf6+ 53. Kh6 f4 54. Qf3 exf2 55. Qxf2 fxg3 56. Qxg3 Qh8+ 57. Kg5 Qf6+ 58. Kh6 g5+ 59. Kxh5 gxh4 60. Qc7+ Kf8 61. Qc8+ Kg7 62. Qg4+ Kf7 63. Qd7+ Kg8 64. Qc8+ Kh7 65. Qc2+ Kg7 66. Qg2+ Kf8 67. Qa8+ Ke7 68. Qb7+ Ke8 69. Qc8+ Qd8 70. Qe6+ Kf8 71. Qh6+ Ke7 72. Qg5+ Kd7 73. Qd5+ Kc7 74. Qc4+ Kb8 75. Qf4+ Qc7 76. Qf8+ Kb7 77. Qf3+ Qc6 78. Qf7+ Ka6 79. Qa2+ Kb5 80. Qb3+ Ka5 81. Qa2+ Qa4 82. Qd2+ Ka6 83. Qd8 Qe4 84. Qc8+ Ka5 85. Qc3+ Qb4 86. Qa1+ Kb5 87. Qf1+ Qc4 88. Qb1+ Kc6 89. Qg6+ Kc5 90. Qg1+ Qd4 91. Qc1+ Kd6 92. Qh6+ Kd5 93. Qg5+ Qe5 0-1

[Event "HUN-chT2 Toth 1011"]
[Site "Hungary"]
[Date "2010.11.21"]
[Round "6.11"]
[White "Egyed, Viktoria"]
[Black "Ver, Imre"]
[Result "0-1"]
[WhiteElo "1534"]
[BlackElo "1928"]
[PlyCount "152"]
[EventDate "2010.09.12"]
[EventType "team-tourn"]
[EventRounds "11"]
[EventCountry "HUN"]
[SourceTitle "EXT 2012"]
[Source "ChessBase"]
[SourceDate "2011.11.24"]
[SourceVersion "1"]
[SourceVersionDate "2011.11.24"]
[SourceQuality "1"]
[WhiteTeam "Karcag"]
[BlackTeam "Roszke"]
[WhiteTeamCountry "HUN"]
[BlackTeamCountry "HUN"]

1. e4 d6 2. d4 Nf6 3. Nc3 g6 4. Bf4 Bg7 5. Qd2 Nbd7 6. Nf3 Nb6 7. Be2 Bd7 8. 0-0-0 Na4 9. Bd3 Nxc3 10. Qxc3 Nh5 11. Be3 0-0 12. h3 c5 13. Qd2 cxd4 14. Bxd4 Bxd4 15. Nxd4 Qb6 16. Be2 Ng7 17. g4 Rac8 18. h4 Qc5 19. h5 g5 20. h6 Ne8 21. Rh5 f6 22. f4 e5 23. Nb3 Qc7 24. fxg5 Kh8 25. c3 Be6 26. Rf1 Qe7 27. gxf6 Rxf6 28. Qg5 Rxf1+ 29. Bxf1 Qf7 30. Nd2 Nf6 31. Rh1 Rg8 32. Qe3 b6 33. g5 Nh5 34. Rg1 Nf4 35. a3 Qe7 36. Nf3 Bf7 37. Rh1 Rc8 38. Bh3 Nxh3 39. Rxh3 Qe6 40. Nd2 Bg6 41. Rf3 Qe7 42. Qf2 Kg8 43. Rf6 Rd8 44. Qg2 d5 45. exd5 Qc5 46. c4 Qe3 47. Qf2 Qxg5 48. Re6 Rf8 49. Qe2 Qg1+ 50. Qd1 Qe3 51. d6 Rc8 52. Rxg6+ hxg6 53. b3 Rd8 54. Qg4 Rxd6 55. Qc8+ Kf7 56. Qc7+ Ke6 57. Qc8+ Ke7 58. Qb7+ Rd7 59. Qg2 Qxh6 60. Kc2 Qh5 61. Qe4 Qf5 62. Kc3 Rxd2 63. Qxf5 gxf5 64. Kxd2 Kd6 65. b4 a6 66. Kd3 e4+ 67. Kd4 Ke6 68. a4 Kd6 69. Ke3 Ke5 70. c5 f4+ 71. Ke2 bxc5 72. b5 Kd6 73. b6 Kc6 74. a5 c4 75. Kd2 f3 76. Ke3 c3 0-1

[Event "HUN-chT2 Toth 0910"]
[Site "Hungary"]
[Date "2009.11.08"]
[Round "1.10"]
[White "Ver, Imre"]
[Black "Tenk, Zoltan"]
[Result "0-1"]
[WhiteElo "1921"]
[BlackElo "1942"]
[PlyCount "81"]
[EventDate "2009.11.08"]
[EventType "team-tourn"]
[EventRounds "11"]
[EventCountry "HUN"]
[SourceTitle "EXT 2011"]
[Source "ChessBase"]
[SourceDate "2010.11.26"]
[SourceVersion "1"]
[SourceVersionDate "2010.11.26"]
[SourceQuality "1"]
[WhiteTeam "Roszke"]
[BlackTeam "Maroczy II"]
[WhiteTeamCountry "HUN"]
[BlackTeamCountry "HUN"]

1. d4 d5 2. Nf3 Nf6 3. c4 e6 4. Nc3 Be7 5. g3 0-0 6. b3 dxc4 7. bxc4 c5 8. d5 exd5 9. cxd5 b5 10. Bg2 Bb7 11. 0-0 b4 12. Rb1 Nxd5 13. Nxd5 Bxd5 14. Qc2 Qb6 15. e4 Be6 16. Be3 Nd7 17. Nd2 Ne5 18. Kh1 Ng4 19. Rbe1 Nxe3 20. Rxe3 Rac8 21. Nc4 Qb5 22. Rc1 Rfd8 23. Bf1 Qb7 24. Bg2 Rd4 25. Na5 Qb5 26. Nb3 Rc4 27. Qb1 Rxc1+ 28. Qxc1 Rd8 29. Bf1 c4 30. Nd2 Rc8 31. f4 Qc5 32. Re1 c3 33. Nb3 Qf2 34. f5 Bxb3 35. axb3 Rd8 36. Bg2 Bg5 37. Qa1 Rd2 38. Rg1 Be3 39. e5 Qxg1+ 40. Qxg1 Bxg1 41. Kxg1 0-1

[Event "HUN-chT2 Toth 0809"]
[Site "Hungary"]
[Date "2009.04.05"]
[Round "10.10"]
[White "Revesz, Bela"]
[Black "Ver, Imre"]
[Result "1/2-1/2"]
[WhiteElo "2006"]
[BlackElo "1841"]
[PlyCount "133"]
[EventDate "2008.10.26"]
[EventType "team-tourn"]
[EventRounds "11"]
[EventCountry "HUN"]
[SourceTitle "EXT 2010"]
[Source "ChessBase"]
[SourceDate "2010.11.25"]
[SourceVersion "1"]
[SourceVersionDate "2010.11.25"]
[SourceQuality "1"]
[WhiteTeam "Bekes"]
[BlackTeam "Roszke"]
[WhiteTeamCountry "HUN"]
[BlackTeamCountry "HUN"]

1. e4 d6 2. d4 g6 3. Nc3 Bg7 4. Be2 e6 5. Be3 Nd7 6. Qd2 c6 7. f4 Qa5 8. Nf3 Ngf6 9. e5 Nd5 10. Nxd5 Qxd2+ 11. Bxd2 exd5 12. exd6 0-0 13. 0-0 b6 14. Rae1 c5 15. c3 Nf6 16. Bd3 Ne8 17. Bb5 Nxd6 18. Bc6 Bb7 19. Bxb7 Nxb7 20. Re7 Nd6 21. dxc5 bxc5 22. Rfe1 Nf5 23. Rc7 Rfc8 24. Rxc8+ Rxc8 25. g4 Nd6 26. Re7 a5 27. Rd7 Nc4 28. Bc1 Nb6 29. Rb7 Na4 30. Ne5 Re8 31. Nf3 d4 32. cxd4 cxd4 33. Kf1 Nc5 34. Rb5 Ne4 35. f5 Rc8 36. Bf4 d3 37. Rd5 Nf6 38. Rxd3 Nxg4 39. fxg6 hxg6 40. b3 Nf6 41. Be5 Ne4 42. Bxg7 Kxg7 43. a3 Rc1+ 44. Ke2 Nc5 45. Re3 Rb1 46. Nd2 Rc1 47. b4 axb4 48. axb4 Ne6 49. Re4 Rc3 50. Rc4 Rh3 51. Nf3 Rh5 52. h4 Rb5 53. Nd4 Re5+ 54. Kf3 Nxd4+ 55. Rxd4 Kh6 56. Rc4 Rb5 57. Kg4 f5+ 58. Kg3 Kh5 59. Kf3 g5 60. hxg5 Kxg5 61. Kg3 Rd5 62. Rc3 Rd4 63. Rb3 Rg4+ 64. Kf2 Rh4 65. b5 Rh7 66. b6 Rb7 67. Kg3 1/2-1/2

[Event "HUN-chT2 Toth 0809"]
[Site "Hungary"]
[Date "2008.03.08"]
[Round "9.10"]
[White "Ver, Imre"]
[Black "Botta, Judit"]
[Result "1-0"]
[WhiteElo "1841"]
[BlackElo "1983"]
[PlyCount "69"]
[EventDate "2008.10.26"]
[EventType "team-tourn"]
[EventRounds "11"]
[EventCountry "HUN"]
[SourceTitle "EXT 2010"]
[Source "ChessBase"]
[SourceDate "2010.11.25"]
[SourceVersion "1"]
[SourceVersionDate "2010.11.25"]
[SourceQuality "1"]
[WhiteTeam "Roszke"]
[BlackTeam "Takisz"]
[WhiteTeamCountry "HUN"]
[BlackTeamCountry "HUN"]

1. d4 Nf6 2. Nf3 d5 3. c4 e6 4. Nc3 dxc4 5. e4 c5 6. d5 exd5 7. exd5 a6 8. a4 Bg4 9. Bxc4 Bd6 10. 0-0 0-0 11. h3 Bh5 12. Bg5 Bg6 13. Bd3 Nbd7 14. Bxg6 fxg6 15. Qb3 Qc7 16. Rad1 Rf7 17. Qc2 Raf8 18. Rd2 Re8 19. Re2 Ne5 20. Nxe5 Rxe5 21. Bxf6 gxf6 22. Rxe5 Bxe5 23. Ne4 b6 24. b3 Rd7 25. Rd1 Kf8 26. Qc4 Qb7 27. b4 cxb4 28. Qxb4+ Kf7 29. Qb3 Ke7 30. g3 Qc7 31. f4 Bd6 32. Qb2 f5 33. Qf6+ Ke8 34. Qh8+ Kf7 35. Ng5+ 1-0